000 03014cam a2200421 i 4500
001 21605353
003 CSPC
005 20251202114754.0
008 200709s2022 nyua j b 001 0 eng
010 _a 2020031345
020 _a9781265450090
_q(paperback)
040 _aDLC
_beng
_erda
_cDLC
_dCSPC
042 _apcc
050 0 0 _aHG4521
_b.B563 2021
082 0 0 _a332.6
_bB632e
_223
100 1 _aBodie, Zvi,
_eauthor.
245 1 0 _aEssentials of investments /
_cZvi Bodie, Alex Kane, and Alan J. Marcus.
250 _aTwelfth edition.
264 1 _aNew York, NY :
_bMcGraw Hill LLC,
_c2022.
300 _axxvi, 741 pages :
_bcolor illustrations ;
_c29 cm.
336 _atext
_btxt
_2rdacontent
337 _aunmediated
_bn
_2rdamedia
338 _avolume
_bnc
_2rdacarrier
490 0 _aThe McGraw Hill education series in finance, insurance, and real estate
500 _aRevised edition of the authors' Essentials of investments, [2019]
504 _aIncludes bibliographical references and index.
505 0 _aPart 1. Elements of investments -- Investments: background and issues -- Asset classes and financial instruments -- Securities markets -- Mutual funds and other investment companies -- Part 2. Portfolio theory -- Risk, return, and the historical record -- Efficient diversification -- Capital asset pricing and arbitrage pricing theory -- The efficient market hypothesis -- Behavioral finance and technical analysis -- Part 3. Debt securities -- Bond prices and yields -- Managing bond portfolios -- Part 4. Security analysis -- Macroeconomic and industry analysis -- Equity valuation -- Financial statement analysis -- Part 5. Derivative markets -- Option markets -- Option valuation -- Futures markets and risk management -- Part 6 Active investment management -- Evaluating investment performance -- International diversification -- Hedge funds -- Taxes, inflation, and investment strategy -- Investors and the investment process.
520 _a"Essentials of Investments, Twelfth Edition, is intended as a textbook on investment analysis most applicable for a student's first course in investments. The chapters are written in a modular format to give instructors the flexibility to either omit certain chapters or rearrange their order. The highlights in the margins describe updates and important features in this edition"--
_cProvided by publisher.
521 _aAges 18+
_bMcGraw-Hill LLC
650 0 _aInvestments.
700 1 _aKane, Alex,
_d1942-
_eauthor.
700 1 _aMarcus, Alan J.,
_eauthor.
776 0 8 _iOnline version:
_aBodie, Zvi,
_tEssentials of investments
_b12.
_dNew York : McGraw-Hill LLC, 2021.
_z9781264140275
_w(DLC) 2020031346
906 _a7
_bcbc
_corignew
_d1
_eecip
_f20
_gy-gencatlg
942 _2ddc
_cBK
_e23
_h332.6
_iB632e
_kCIR
_m2022
_n0
999 _c29522
_d29522